| 000 | 00397nam a2200169Ia 4500 | ||
|---|---|---|---|
| 003 | OSt | ||
| 005 | 20231108155036.0 | ||
| 008 | 230408s9999 xx 000 0 und d | ||
| 020 | _a9789353450908 | ||
| 082 |
_a348.54 _bSINF |
||
| 100 | _aSINGHVI, Abhishek | ||
| 245 | 0 | _aFrom the Trenches | |
| 260 |
_aDelhi _bJuggernaut _c2020 |
||
| 300 | _a225 | ||
| 650 | _aLaw Reports-Digest | ||
| 942 |
_cBK _2ddc |
||
| 999 |
_c1684 _d1684 |
||